[Event "European Women's Chess Club Cup 2023"]
[Site "Durres, Albania"]
[Date "2023.10.07"]
[Round "7.7"]
[White "Bulmaga, Irina"]
[Black "Injac, Teodora"]
[Result "0-1"]
[TimeControl "90' + 30' & 30\""]
[WhiteElo "2423"]
[BlackElo "2426"]

1. e4 {[%clk 01:30:56]} {[%emt 00:00:03]} e5 {[%clk 01:30:41]} {[%emt
00:00:20]} 2. Nf3 {[%clk 01:31:18]} {[%emt 00:00:07]} Nc6 {[%clk 01:31:06]}
{[%emt 00:00:05]} 3. Bb5 {[%clk 01:31:37]} {[%emt 00:00:11]} Nf6 {[%clk
01:30:41]} {[%emt 00:00:56]} 4. O-O {[%clk 01:31:39]} {[%emt 00:00:27]} Nxe4
{[%clk 01:30:38]} {[%emt 00:00:33]} 5. Re1 {[%clk 01:31:43]} {[%emt 00:00:26]}
Nd6 {[%clk 01:30:58]} {[%emt 00:00:10]} 6. a4 {[%clk 01:31:40]} {[%emt
00:00:33]} Be7 {[%clk 01:25:36]} {[%emt 00:05:53]} 7. Nc3 {[%clk 01:30:54]}
{[%emt 00:01:15]} a6 {[%clk 01:24:54]} {[%emt 00:01:13]} 8. Bf1 {[%clk
01:30:17]} {[%emt 00:01:06]} e4 {[%clk 01:24:26]} {[%emt 00:00:59]} 9. Nxe4
{[%clk 01:30:17]} {[%emt 00:00:30]} Nxe4 {[%clk 01:24:53]} {[%emt 00:00:02]} 10.
Rxe4 {[%clk 01:30:37]} {[%emt 00:00:09]} d5 {[%clk 01:25:00]} {[%emt 00:00:24]}
11. Re1 {[%clk 01:30:38]} {[%emt 00:00:29]} Bg4 {[%clk 01:24:25]} {[%emt
00:01:05]} 12. h3 {[%clk 01:29:25]} {[%emt 00:01:42]} Bh5 {[%clk 01:22:36]}
{[%emt 00:02:20]} 13. Be2 {[%clk 01:29:38]} {[%emt 00:00:17]} O-O {[%clk
01:21:56]} {[%emt 00:01:10]} 14. d4 {[%clk 01:29:45]} {[%emt 00:00:23]} Re8
{[%clk 01:15:03]} {[%emt 00:07:23]} 15. Ne5 {[%clk 01:25:52]} {[%emt 00:04:22]}
Bxe2 {[%clk 01:14:39]} {[%emt 00:00:56]} 16. Rxe2 {[%clk 01:25:59]} {[%emt
00:00:22]} Nxe5 {[%clk 01:14:17]} {[%emt 00:00:52]} 17. dxe5 {[%clk 01:25:52]}
{[%emt 00:00:37]} Qd7 {[%clk 01:13:06]} {[%emt 00:01:42]} 18. Qd3 {[%clk
01:22:11]} {[%emt 00:04:10]} b5 {[%clk 01:05:34]} {[%emt 00:08:03]} 19. Bf4
{[%emt 00:23:38]} bxa4 {[%clk 00:46:06]} {[%emt 00:06:39]} 20. Rd2 {[%clk
01:05:57]} {[%emt 00:06:54]} Qb5 {[%clk 00:43:31]} {[%emt 00:03:05]} 21. Qd4
{[%clk 01:03:07]} {[%emt 00:03:21]} c6 {[%emt 00:09:22]} 22. Be3 {[%clk
00:38:19]} {[%emt 00:20:46]} Rab8 {[%clk 00:29:45]} {[%emt 00:09:55]} 23. c3
{[%clk 00:36:53]} {[%emt 00:01:56]} a3 {[%clk 00:29:31]} {[%emt 00:00:44]} 24.
bxa3 {[%clk 00:36:48]} {[%emt 00:00:35]} Qa5 {[%clk 00:27:09]} {[%emt
00:02:52]} 25. Rd3 {[%clk 00:32:52]} {[%emt 00:04:25]} Bf8 {[%clk 00:19:48]}
{[%emt 00:07:53]} 26. a4 {[%clk 00:30:21]} {[%emt 00:03:00]} Rb3 {[%emt
00:10:06]} 27. h4 {[%clk 00:20:43]} {[%emt 00:01:55]} Qc7 {[%clk 00:16:28]}
{[%emt 00:02:28]} 28. Rad1 {[%clk 00:04:51]} {[%emt 00:16:21]} Qxe5 {[%clk
00:12:44]} {[%emt 00:04:12]} 29. Qa7 {[%clk 00:03:29]} {[%emt 00:01:53]} Rxc3
{[%clk 00:10:24]} {[%emt 00:02:51]} 30. Rxc3 {[%clk 00:03:22]} {[%emt
00:00:37]} Qxc3 {[%clk 00:10:50]} {[%emt 00:00:03]} 31. Rc1 {[%clk 00:03:31]}
{[%emt 00:00:22]} Qd3 {[%emt 00:04:55]} 32. Rxc6 {[%clk 00:01:57]} {[%emt
00:00:44]} Qd1+ {[%clk 00:07:49]} {[%emt 00:00:25]} 33. Kh2 {[%clk 00:02:26]}
{[%emt 00:00:01]} Qxa4 {[%clk 00:08:09]} {[%emt 00:00:11]} 34. Rxa6 {[%clk
00:02:08]} {[%emt 00:00:47]} Qxh4+ {[%clk 00:08:20]} {[%emt 00:00:19]} 35. Kg1
{[%clk 00:02:37]} Qg4 {[%clk 00:06:36]} {[%emt 00:02:15]} 36. Qd4 {[%clk
00:01:22]} {[%emt 00:01:45]} Qxd4 {[%clk 00:06:11]} {[%emt 00:00:56]} 37. Bxd4
{[%clk 00:01:49]} {[%emt 00:00:02]} f6 {[%clk 00:05:30]} {[%emt 00:01:11]} 38.
f3 {[%clk 00:00:59]} {[%emt 00:01:20]} h5 {[%clk 00:05:26]} {[%emt 00:00:34]}
39. Ra5 {[%clk 00:01:00]} {[%emt 00:00:30]} Rd8 {[%clk 00:05:48]} {[%emt
00:00:08]} 40. Kf2 {[%clk 00:01:09]} {[%emt 00:00:21]} Kf7 {[%clk 00:05:58]}
{[%emt 00:00:21]} 41. Bb6 {[%clk 00:27:53]} {[%emt 00:03:45]} Rd7 {[%clk
00:35:03]} {[%emt 00:01:25]} 42. Ke3 {[%clk 00:27:56]} {[%emt 00:00:27]} Rb7
{[%clk 00:33:02]} {[%emt 00:02:31]} 43. Bd4 {[%emt 00:02:35]} Ke6 {[%clk
00:29:52]} {[%emt 00:01:29]} 44. Ra6+ {[%clk 00:27:33]} {[%emt 00:00:59]} Kf5
{[%clk 00:28:39]} {[%emt 00:01:42]} 45. Ra5 {[%clk 00:24:05]} {[%emt 00:03:58]}
Rd7 {[%clk 00:28:07]} {[%emt 00:01:02]} 46. Bc3 {[%clk 00:18:27]} {[%emt
00:06:07]} h4 {[%clk 00:22:17]} {[%emt 00:06:21]} 47. Rb5 {[%clk 00:17:30]}
{[%emt 00:01:28]} g5 {[%clk 00:18:19]} {[%emt 00:04:28]} 48. Bb2 {[%clk
00:15:32]} {[%emt 00:02:27]} Be7 {[%clk 00:17:03]} {[%emt 00:01:47]} 49. Bd4
{[%clk 00:13:46]} {[%emt 00:02:15]} Bd8 {[%clk 00:16:21]} {[%emt 00:01:13]} 50.
Ke2 {[%clk 00:11:35]} {[%emt 00:02:40]} Bc7 {[%clk 00:16:13]} {[%emt 00:00:39]}
51. Rb7 {[%clk 00:11:30]} {[%emt 00:00:34]} Ke6 {[%clk 00:15:27]} {[%emt
00:01:16]} 52. Kd3 {[%clk 00:10:50]} {[%emt 00:01:11]} Be5 {[%clk 00:15:01]}
{[%emt 00:00:55]} 53. Rb6+ {[%clk 00:09:48]} {[%emt 00:01:32]} Rd6 {[%clk
00:14:32]} {[%emt 00:00:59]} 54. Rb5 {[%clk 00:07:26]} {[%emt 00:02:52]} Bxd4
{[%clk 00:14:38]} {[%emt 00:00:24]} 55. Kxd4 {[%clk 00:07:54]} {[%emt
00:00:02]} Ra6 {[%clk 00:14:38]} {[%emt 00:00:31]} 56. Rb2 {[%clk 00:07:02]}
{[%emt 00:01:22]} Ra4+ {[%clk 00:14:50]} {[%emt 00:00:18]} 57. Ke3 {[%clk
00:07:23]} {[%emt 00:00:09]} Ke5 {[%emt 00:03:36]} 58. Re2 {[%clk 00:03:24]}
{[%emt 00:01:08]} d4+ {[%clk 00:10:33]} {[%emt 00:05:01]} 59. Kf2+ {[%clk
00:03:28]} {[%emt 00:00:26]} Kd5 {[%clk 00:10:46]} {[%emt 00:00:17]} 60. Re8
{[%clk 00:02:59]} {[%emt 00:01:00]} Ra2+ {[%clk 00:11:04]} {[%emt 00:00:11]} 61.
Kf1 {[%clk 00:03:22]} {[%emt 00:00:07]} d3 {[%clk 00:10:19]} {[%emt 00:01:15]}
62. Rd8+ {[%clk 00:03:36]} {[%emt 00:00:16]} Kc4 {[%clk 00:10:24]} {[%emt
00:00:26]} 63. Rc8+ {[%clk 00:03:29]} {[%emt 00:00:37]} Kd4 {[%clk 00:10:11]}
{[%emt 00:00:42]} 64. Rd8+ {[%clk 00:03:52]} {[%emt 00:00:07]} Ke3 {[%clk
00:10:20]} {[%emt 00:00:21]} 65. Re8+ {[%clk 00:04:19]} {[%emt 00:00:03]} Kf4
{[%clk 00:09:46]} {[%emt 00:01:04]} 66. Rd8 {[%clk 00:04:14]} {[%emt 00:00:35]}
Kg3 {[%clk 00:09:40]} {[%emt 00:00:36]} 67. Rxd3 {[%clk 00:04:26]} {[%emt
00:00:18]} Ra1+ {[%clk 00:09:53]} {[%emt 00:00:17]} 68. Ke2 {[%clk 00:04:54]}
{[%emt 00:00:02]} Kxg2 {[%clk 00:10:12]} {[%emt 00:00:12]} 69. Rd6 {[%clk
00:04:49]} {[%emt 00:00:35]} Ra2+ {[%clk 00:10:26]} {[%emt 00:00:15]} 70. Ke3
{[%clk 00:04:52]} {[%emt 00:00:26]} Ra3+ {[%clk 00:10:44]} {[%emt 00:00:13]}
0-1

[Event "European Women's Chess Club Cup 2023"]
[Site "Durres, Albania"]
[Date "2023.10.07"]
[Round "7.8"]
[White "Gaal, Zsoka"]
[Black "Efroimski, Marsel"]
[Result "0-1"]
[TimeControl "90' + 30' & 30\""]
[WhiteElo "2305"]
[BlackElo "2447"]

1. d4 {[%clk 01:30:51]} {[%emt 00:00:07]} d5 {[%clk 01:30:57]} {[%emt
00:00:04]} 2. c4 {[%clk 01:31:10]} {[%emt 00:00:11]} e6 {[%clk 01:31:24]}
{[%emt 00:00:03]} 3. Nc3 {[%clk 01:31:30]} {[%emt 00:00:11]} h6 {[%clk
01:31:50]} {[%emt 00:00:04]} 4. cxd5 {[%clk 01:31:41]} {[%emt 00:00:18]} exd5
{[%clk 01:32:18]} {[%emt 00:00:03]} 5. Bf4 {[%clk 01:31:55]} {[%emt 00:00:15]}
c6 {[%clk 01:32:31]} {[%emt 00:00:17]} 6. e3 {[%clk 01:32:17]} {[%emt
00:00:08]} Nf6 {[%clk 01:32:57]} {[%emt 00:00:04]} 7. Bd3 {[%clk 01:31:39]}
{[%emt 00:01:08]} Bd6 {[%clk 01:33:22]} {[%emt 00:00:05]} 8. Bxd6 {[%clk
01:21:05]} {[%emt 00:11:04]} Qxd6 {[%clk 01:33:40]} {[%emt 00:00:12]} 9. h3
{[%clk 01:21:12]} {[%emt 00:00:23]} Nbd7 {[%clk 01:30:48]} {[%emt 00:03:22]} 10.
Nf3 {[%clk 01:21:25]} {[%emt 00:00:17]} O-O {[%clk 01:31:09]} {[%emt 00:00:09]}
11. O-O {[%clk 01:21:33]} {[%emt 00:00:22]} b6 {[%clk 01:27:54]} {[%emt
00:03:45]} 12. Rc1 {[%clk 01:14:50]} {[%emt 00:07:13]} Re8 {[%clk 01:27:48]}
{[%emt 00:00:36]} 13. Qc2 {[%clk 01:13:50]} {[%emt 00:01:29]} Bb7 {[%clk
01:27:51]} {[%emt 00:00:28]} 14. Qb1 {[%clk 01:06:21]} {[%emt 00:07:59]} c5
{[%emt 00:21:11]} 15. Nb5 {[%clk 00:49:17]} {[%emt 00:09:27]} Qb8 {[%clk
01:12:30]} {[%emt 00:03:17]} 16. dxc5 {[%clk 00:48:34]} {[%emt 00:01:14]} bxc5
{[%clk 01:12:44]} {[%emt 00:00:15]} 17. b4 {[%clk 00:48:29]} {[%emt 00:00:36]}
c4 {[%clk 01:08:24]} {[%emt 00:04:50]} 18. Bf5 {[%clk 00:47:25]} {[%emt
00:01:33]} Ne5 {[%clk 01:04:25]} {[%emt 00:04:30]} 19. Nbd4 {[%clk 00:45:05]}
{[%emt 00:02:49]} Bc8 {[%emt 00:13:19]} 20. Nxe5 {[%clk 00:29:01]} {[%emt
00:16:12]} Qxe5 {[%clk 00:51:15]} {[%emt 00:01:13]} 21. Rfd1 {[%emt 00:05:06]}
g6 {[%emt 00:04:55]} 22. Bxg6 {[%clk 00:23:49]} {[%emt 00:03:33]} fxg6 {[%clk
00:41:52]} {[%emt 00:03:01]} 23. Qxg6+ {[%clk 00:24:13]} {[%emt 00:00:07]} Kh8
{[%clk 00:40:28]} {[%emt 00:01:54]} 24. Qxh6+ {[%clk 00:17:15]} {[%emt
00:07:28]} Nh7 {[%clk 00:40:27]} {[%emt 00:00:30]} 25. Nf3 {[%emt 00:05:55]}
Qf6 {[%clk 00:34:42]} {[%emt 00:00:49]} 26. Qh5 {[%clk 00:17:38]} {[%emt
00:00:09]} Be6 {[%clk 00:34:20]} {[%emt 00:00:51]} 27. Ne5 {[%clk 00:14:48]}
{[%emt 00:03:20]} Rg8 {[%clk 00:27:53]} {[%emt 00:06:58]} 28. f4 {[%clk
00:10:22]} {[%emt 00:04:56]} Rg3 {[%clk 00:24:38]} {[%emt 00:03:44]} 29. Nf3
{[%clk 00:06:37]} {[%emt 00:04:16]} Rag8 {[%clk 00:19:47]} {[%emt 00:05:20]} 30.
Ng5 {[%clk 00:06:17]} {[%emt 00:00:51]} R8xg5 {[%clk 00:19:59]} {[%emt
00:00:18]} 31. fxg5 {[%clk 00:06:04]} {[%emt 00:00:43]} Qb2 {[%clk 00:17:40]}
{[%emt 00:02:49]} 32. Qe8+ {[%clk 00:06:14]} {[%emt 00:00:20]} Kg7 {[%clk
00:16:28]} {[%emt 00:01:42]} 33. Qe7+ {[%clk 00:06:34]} {[%emt 00:00:10]} Bf7
{[%clk 00:16:51]} {[%emt 00:00:08]} 34. Rc2 {[%clk 00:06:33]} {[%emt 00:00:30]}
Qxc2 {[%clk 00:17:11]} {[%emt 00:00:10]} 35. Qe5+ {[%clk 00:06:58]} {[%emt
00:00:05]} Kg8 {[%clk 00:17:35]} {[%emt 00:00:06]} 36. Qxg3 {[%clk 00:04:12]}
{[%emt 00:03:16]} Qxd1+ {[%clk 00:18:02]} {[%emt 00:00:03]} 37. Kh2 {[%clk
00:04:34]} {[%emt 00:00:08]} Nf8 {[%clk 00:18:16]} {[%emt 00:00:16]} 0-1

[Event "European Women's Chess Club Cup 2023"]
[Site "Durres, Albania"]
[Date "2023.10.07"]
[Round "7.9"]
[White "Danielian, Elina"]
[Black "Ushenina, Anna"]
[Result "1-0"]
[TimeControl "90' + 30' & 30\""]
[WhiteElo "2416"]
[BlackElo "2434"]

1. d4 {[%clk 01:30:57]} {[%emt 00:00:02]} d5 {[%clk 01:30:46]} {[%emt
00:00:14]} 2. Nf3 {[%clk 01:31:13]} {[%emt 00:00:14]} Nf6 {[%clk 01:30:34]}
{[%emt 00:00:42]} 3. c4 {[%clk 01:31:36]} {[%emt 00:00:07]} e6 {[%clk
01:30:24]} {[%emt 00:00:40]} 4. Nc3 {[%clk 01:31:57]} {[%emt 00:00:09]} Be7
{[%clk 01:28:47]} {[%emt 00:02:08]} 5. Bf4 {[%clk 01:32:13]} {[%emt 00:00:13]}
O-O {[%clk 01:28:44]} {[%emt 00:00:33]} 6. e3 {[%clk 01:32:39]} {[%emt
00:00:04]} b6 {[%clk 01:28:51]} {[%emt 00:00:23]} 7. Bd3 {[%clk 01:32:07]}
{[%emt 00:01:02]} Ba6 {[%clk 01:27:55]} {[%emt 00:01:26]} 8. cxd5 {[%clk
01:30:38]} {[%emt 00:01:59]} Nxd5 {[%clk 01:27:44]} {[%emt 00:00:40]} 9. Nxd5
{[%clk 01:31:02]} {[%emt 00:00:07]} Qxd5 {[%clk 01:28:06]} {[%emt 00:00:08]} 10.
O-O {[%clk 01:31:25]} {[%emt 00:00:06]} Rc8 {[%clk 01:26:02]} {[%emt 00:02:34]}
11. a3 {[%clk 01:08:59]} {[%emt 00:22:56]} Bxd3 {[%clk 01:26:01]} {[%emt
00:00:32]} 12. Qxd3 {[%clk 01:09:25]} {[%emt 00:00:04]} Nd7 {[%clk 01:26:27]}
{[%emt 00:00:05]} 13. Rac1 {[%clk 01:02:12]} {[%emt 00:07:42]} Qb7 {[%clk
01:25:08]} {[%emt 00:01:48]} 14. h4 {[%clk 00:47:55]} {[%emt 00:14:47]} h6
{[%clk 01:14:58]} {[%emt 00:10:41]} 15. Rc2 {[%clk 00:46:08]} {[%emt 00:02:17]}
c5 {[%clk 00:54:13]} {[%emt 00:21:15]} 16. Rfc1 {[%clk 00:46:20]} {[%emt
00:00:17]} Rd8 {[%clk 00:53:36]} {[%emt 00:01:08]} 17. Qe2 {[%clk 00:45:07]}
{[%emt 00:01:42]} Bf6 {[%clk 00:44:41]} {[%emt 00:09:26]} 18. e4 {[%clk
00:27:23]} {[%emt 00:18:14]} Rac8 {[%clk 00:42:00]} {[%emt 00:03:11]} 19. dxc5
{[%clk 00:26:38]} {[%emt 00:01:15]} Rxc5 {[%clk 00:38:49]} {[%emt 00:03:41]} 20.
b4 {[%clk 00:26:58]} {[%emt 00:00:10]} Rxc2 {[%clk 00:38:42]} {[%emt 00:00:37]}
21. Qxc2 {[%clk 00:22:08]} {[%emt 00:05:20]} b5 {[%clk 00:24:01]} {[%emt
00:15:11]} 22. e5 {[%clk 00:16:22]} {[%emt 00:06:15]} Be7 {[%clk 00:24:07]}
{[%emt 00:00:25]} 23. Qc7 {[%clk 00:15:41]} {[%emt 00:01:11]} Qb8 {[%clk
00:11:52]} {[%emt 00:12:45]} 24. Qxb8 {[%clk 00:07:59]} {[%emt 00:08:12]} Nxb8
{[%clk 00:11:06]} {[%emt 00:01:16]} 25. Be3 {[%clk 00:08:20]} {[%emt 00:00:09]}
a6 {[%emt 00:05:18]} 26. Bb6 {[%clk 00:08:32]} {[%emt 00:00:17]} Re8 {[%clk
00:05:54]} {[%emt 00:00:55]} 27. Rc7 {[%clk 00:08:27]} {[%emt 00:00:35]} Kf8
{[%clk 00:05:19]} {[%emt 00:01:05]} 28. g3 {[%clk 00:07:06]} {[%emt 00:01:51]}
Rd8 {[%clk 00:03:32]} {[%emt 00:02:17]} 29. Kf1 {[%clk 00:01:40]} {[%emt
00:05:55]} Ke8 {[%clk 00:02:45]} {[%emt 00:01:19]} 30. Nd4 {[%clk 00:00:50]}
{[%emt 00:01:19]} Nd7 {[%clk 00:03:10]} {[%emt 00:00:05]} 31. Nc6 {[%clk
00:01:16]} {[%emt 00:00:04]} Ra8 {[%clk 00:02:54]} {[%emt 00:00:46]} 32. Ba5
{[%clk 00:01:09]} {[%emt 00:00:37]} Bd8 {[%clk 00:02:40]} {[%emt 00:00:44]} 33.
Nxd8 {[%clk 00:01:15]} {[%emt 00:00:24]} Rxd8 {[%clk 00:03:07]} {[%emt
00:00:03]} 34. f4 {[%clk 00:01:35]} {[%emt 00:00:10]} Ra8 {[%clk 00:02:01]}
{[%emt 00:01:36]} 35. h5 {[%clk 00:01:49]} {[%emt 00:00:16]} g6 {[%clk
00:00:35]} {[%emt 00:01:57]} 36. hxg6 {[%clk 00:01:44]} {[%emt 00:00:34]} fxg6
{[%clk 00:01:04]} 37. Ke2 {[%clk 00:02:06]} {[%emt 00:00:08]} Ke7 {[%clk
00:01:08]} {[%emt 00:00:26]} 38. Kf3 {[%clk 00:01:06]} {[%emt 00:01:29]} h5
{[%clk 00:01:12]} {[%emt 00:00:27]} 39. Rc6 {[%clk 00:00:58]} {[%emt 00:00:37]}
g5 {[%clk 00:00:39]} {[%emt 00:01:03]} 40. Bc7 {[%clk 00:01:16]} {[%emt
00:00:12]} gxf4 {[%clk 00:00:37]} {[%emt 00:00:33]} 41. Bd6+ {[%clk 00:01:19]}
{[%emt 00:00:27]} Kf7 {[%clk 00:28:42]} {[%emt 00:02:25]} 42. Rc7 {[%clk
00:29:21]} {[%emt 00:02:27]} Ke8 {[%clk 00:22:13]} {[%emt 00:07:00]} 43. gxf4
{[%clk 00:28:24]} {[%emt 00:01:27]} a5 {[%clk 00:21:37]} {[%emt 00:01:06]} 44.
bxa5 {[%clk 00:28:31]} {[%emt 00:00:23]} Rxa5 {[%clk 00:21:28]} {[%emt
00:00:39]} 45. Kg3 {[%clk 00:26:45]} {[%emt 00:02:15]} Kd8 {[%clk 00:17:52]}
{[%emt 00:04:07]} 46. Rc6 {[%clk 00:26:51]} {[%emt 00:00:23]} Ra7 {[%clk
00:11:52]} {[%emt 00:06:32]} 47. Bb4 {[%clk 00:25:15]} {[%emt 00:02:05]} Nb8
{[%clk 00:08:51]} {[%emt 00:03:30]} 48. Rxe6 {[%clk 00:24:48]} {[%emt
00:00:57]} Ra6 {[%clk 00:09:09]} {[%emt 00:00:13]} 49. Rxa6 {[%clk 00:24:46]}
{[%emt 00:00:33]} Nxa6 {[%clk 00:09:36]} {[%emt 00:00:02]} 50. Bd6 {[%clk
00:25:08]} {[%emt 00:00:07]} Kd7 {[%clk 00:08:21]} {[%emt 00:01:45]} 51. f5
{[%clk 00:25:17]} {[%emt 00:00:21]} 1-0

[Event "European Women's Chess Club Cup 2023"]
[Site "Durres, Albania"]
[Date "2023.10.07"]
[Round "7.10"]
[White "Javakhishvili, Lela"]
[Black "Rapport, Jovana"]
[Result "1/2-1/2"]
[TimeControl "90' + 30' & 30\""]
[WhiteElo "2437"]
[BlackElo "2324"]

1. d4 {[%clk 01:30:57]} {[%emt 00:00:02]} Nf6 {[%clk 01:30:54]} {[%emt
00:00:07]} 2. c4 {[%clk 01:31:17]} {[%emt 00:00:11]} g6 {[%clk 01:31:17]}
{[%emt 00:00:06]} 3. Nc3 {[%clk 01:31:23]} {[%emt 00:00:24]} Bg7 {[%clk
01:31:41]} {[%emt 00:00:06]} 4. e4 {[%clk 01:31:40]} {[%emt 00:00:13]} d6
{[%clk 01:32:06]} {[%emt 00:00:05]} 5. Be2 {[%clk 01:31:48]} {[%emt 00:00:23]}
Na6 {[%clk 01:27:27]} {[%emt 00:05:08]} 6. Nf3 {[%clk 01:29:04]} {[%emt
00:03:14]} O-O {[%clk 01:27:21]} {[%emt 00:00:36]} 7. O-O {[%clk 01:29:28]}
{[%emt 00:00:06]} e5 {[%clk 01:27:43]} {[%emt 00:00:08]} 8. Be3 {[%clk
01:29:44]} {[%emt 00:00:14]} c6 {[%clk 01:27:11]} {[%emt 00:01:01]} 9. Qc2
{[%clk 01:29:09]} {[%emt 00:01:06]} Ng4 {[%clk 01:18:29]} {[%emt 00:09:12]} 10.
Bg5 {[%clk 01:29:27]} {[%emt 00:00:12]} f6 {[%clk 01:18:57]} {[%emt 00:00:02]}
11. Bc1 {[%clk 01:28:45]} {[%emt 00:01:12]} f5 {[%clk 01:17:55]} {[%emt
00:01:32]} 12. Bg5 {[%clk 01:24:05]} {[%emt 00:05:10]} Qc7 {[%clk 01:13:16]}
{[%emt 00:05:08]} 13. dxe5 {[%clk 01:22:08]} {[%emt 00:02:28]} Nxe5 {[%clk
01:03:30]} {[%emt 00:10:16]} 14. Qd2 {[%clk 01:18:40]} {[%emt 00:03:57]} Nc5
{[%clk 00:47:54]} {[%emt 00:16:07]} 15. exf5 {[%clk 01:16:59]} {[%emt
00:02:11]} Nxf3+ {[%clk 00:46:09]} {[%emt 00:02:15]} 16. Bxf3 {[%clk 01:17:04]}
{[%emt 00:00:25]} Bxf5 {[%clk 00:46:29]} {[%emt 00:00:09]} 17. Rad1 {[%clk
01:07:00]} {[%emt 00:10:34]} Be5 {[%clk 00:45:12]} {[%emt 00:01:47]} 18. Bh6
{[%clk 01:00:56]} {[%emt 00:06:36]} Rf7 {[%clk 00:35:10]} {[%emt 00:10:31]} 19.
b4 {[%clk 01:00:02]} {[%emt 00:01:23]} Ne6 {[%clk 00:35:22]} {[%emt 00:00:18]}
20. Be3 {[%clk 00:59:48]} {[%emt 00:00:44]} g5 {[%clk 00:31:51]} {[%emt
00:04:02]} 21. Bh5 {[%clk 00:56:10]} {[%emt 00:04:08]} Rff8 {[%clk 00:26:33]}
{[%emt 00:05:47]} 22. Ne2 {[%clk 00:54:26]} {[%emt 00:02:14]} Ng7 {[%clk
00:24:08]} {[%emt 00:02:56]} 23. f4 {[%clk 00:40:37]} {[%emt 00:14:19]} gxf4
{[%clk 00:22:51]} {[%emt 00:01:47]} 24. Nxf4 {[%clk 00:41:01]} {[%emt
00:00:06]} Nxh5 {[%clk 00:20:28]} {[%emt 00:02:53]} 25. Nxh5 {[%clk 00:41:19]}
{[%emt 00:00:12]} Bg4 {[%clk 00:20:07]} {[%emt 00:00:51]} 26. Nf4 {[%clk
00:33:52]} {[%emt 00:07:57]} Bxd1 {[%clk 00:15:22]} {[%emt 00:05:15]} 27. Qxd1
{[%clk 00:33:41]} {[%emt 00:00:41]} Qd7 {[%clk 00:15:22]} {[%emt 00:00:29]} 28.
Rf3 {[%clk 00:33:01]} {[%emt 00:01:11]} Rf7 {[%clk 00:15:15]} {[%emt 00:00:37]}
29. Nd3 {[%clk 00:29:37]} {[%emt 00:03:54]} Bg7 {[%clk 00:14:51]} {[%emt
00:00:54]} 30. Bf4 {[%clk 00:29:48]} {[%emt 00:00:19]} a5 {[%clk 00:14:13]}
{[%emt 00:01:08]} 31. Qa4 {[%clk 00:27:31]} {[%emt 00:02:47]} Rf5 {[%clk
00:05:18]} {[%emt 00:09:25]} 32. h3 {[%clk 00:26:34]} {[%emt 00:01:27]} Qd8
{[%clk 00:03:19]} {[%emt 00:02:29]} 33. Kh2 {[%clk 00:25:18]} {[%emt 00:01:46]}
axb4 {[%clk 00:01:30]} {[%emt 00:02:19]} 34. Qxb4 {[%clk 00:25:45]} {[%emt
00:00:02]} Rf7 {[%clk 00:01:52]} {[%emt 00:00:08]} 35. Rg3 {[%clk 00:25:28]}
{[%emt 00:00:48]} c5 {[%clk 00:02:12]} {[%emt 00:00:09]} 36. Qd2 {[%clk
00:24:09]} {[%emt 00:01:49]} Kh8 {[%clk 00:02:39]} {[%emt 00:00:03]} 37. Qe2
{[%clk 00:23:03]} {[%emt 00:01:37]} Qd7 {[%clk 00:02:52]} {[%emt 00:00:17]} 38.
Re3 {[%clk 00:22:33]} {[%emt 00:01:00]} b5 {[%clk 00:01:48]} {[%emt 00:01:34]}
39. Bg3 {[%clk 00:19:41]} {[%emt 00:03:22]} bxc4 {[%clk 00:02:10]} {[%emt
00:00:08]} 40. Nf4 {[%clk 00:20:10]} d5 {[%clk 00:00:39]} {[%emt 00:02:01]} 41.
Ne6 {[%clk 00:17:50]} {[%emt 00:02:50]} d4 {[%clk 00:24:12]} {[%emt 00:06:57]}
42. Re4 {[%clk 00:45:51]} {[%emt 00:02:29]} d3 {[%clk 00:19:39]} {[%emt
00:05:02]} 43. Qh5 {[%clk 00:46:02]} {[%emt 00:00:20]} Re7 {[%clk 00:15:54]}
{[%emt 00:04:15]} 44. Rh4 {[%clk 00:32:22]} {[%emt 00:14:10]} Bf6 {[%clk
00:15:49]} {[%emt 00:00:34]} 45. Nxc5 {[%clk 00:29:14]} {[%emt 00:03:39]} Qe8
{[%clk 00:13:42]} {[%emt 00:02:36]} 46. Qf5 {[%clk 00:24:31]} {[%emt 00:05:13]}
Bxh4 {[%clk 00:08:27]} {[%emt 00:05:46]} 47. Bxh4 {[%clk 00:24:51]} {[%emt
00:00:09]} Rg7 {[%clk 00:06:41]} {[%emt 00:02:17]} 48. Bf6 {[%clk 00:23:13]}
{[%emt 00:02:08]} Qb8+ {[%clk 00:03:06]} {[%emt 00:04:04]} 49. Kh1 {[%clk
00:18:29]} {[%emt 00:05:15]} Qg3 {[%clk 00:03:27]} {[%emt 00:00:09]} 50. Bxg7+
{[%clk 00:16:37]} {[%emt 00:02:21]} Qxg7 {[%clk 00:03:51]} {[%emt 00:00:06]} 51.
Ne6 {[%clk 00:17:01]} {[%emt 00:00:07]} Qa1+ {[%clk 00:02:41]} {[%emt
00:01:40]} 52. Kh2 {[%clk 00:17:30]} {[%emt 00:00:01]} Re8 {[%clk 00:02:37]}
{[%emt 00:00:34]} 53. Qf4 {[%clk 00:15:17]} {[%emt 00:02:43]} d2 {[%clk
00:01:58]} {[%emt 00:01:08]} 54. Nd4 {[%clk 00:15:35]} {[%emt 00:00:12]} d1=Q
{[%clk 00:00:54]} {[%emt 00:01:34]} 55. Qf6+ {[%clk 00:15:56]} {[%emt
00:00:09]} Kg8 {[%clk 00:01:23]} {[%emt 00:00:02]} 56. Qg5+ {[%clk 00:16:18]}
{[%emt 00:00:08]} Kh8 {[%clk 00:01:39]} {[%emt 00:00:15]} 57. Qf6+ {[%clk
00:16:42]} {[%emt 00:00:05]} Kg8 {[%clk 00:02:08]} {[%emt 00:00:01]} 58. Qg5+
{[%clk 00:17:06]} {[%emt 00:00:06]} Kh8 {[%clk 00:02:01]} {[%emt 00:00:37]} 59.
Qf6+ {[%clk 00:17:31]} {[%emt 00:00:05]} Kg8 {[%clk 00:02:30]} 1/2-1/2